000 00697nam a2200289Ia 4500
005 20260324145054.0
008 008 260324s9999 xx 000 0 eng d
020 _a9780203521014
037 _aEBOOK
040 _aCRL
040 _beng
040 _cCRL
041 _2eng
041 _aeng
084 _qCRL
100 _aElizabeth Stanko
_91221651
245 0 _aIntimate Intrusions (Routledge Revivals)
245 0 _bWomen's Experience of Male Violence
260 _bTaylor and Francis
260 _c1985
365 _a
365 _b240
856 _uhttp://www.taylorfrancis.com/books/9780203521014
942 _cEBOOK
999 _c1829061
_d1829061